|
|
|
|
| LEADER |
00000naa2a2200000 4500 |
| 001 |
626499 |
| 005 |
20231219130900.0 |
| 035 |
|
|
|a (RuTPU)RU\TPU\conf\25878
|
| 035 |
|
|
|a RU\TPU\conf\25827
|
| 090 |
|
|
|a 626499
|
| 100 |
|
|
|a 20180301d2018 k y0rusy50 ca
|
| 101 |
0 |
|
|a rus
|
| 102 |
|
|
|a RU
|
| 105 |
|
|
|a y z 101zy
|
| 135 |
|
|
|a drcn ---uucaa
|
| 181 |
|
0 |
|a i
|
| 182 |
|
0 |
|a b
|
| 200 |
1 |
|
|a Особенности дизайн - проектирования восстановительного тренажёра для детей дошкольного возраста
|f Н. Н. Лаутеншлегер, Г. Я. Мамонтов, Ю. П. Хмелевский
|
| 203 |
|
|
|a Текст
|c электронный
|
| 225 |
1 |
|
|a Информационные технологии в гуманитарных и медицинских исследованиях
|
| 300 |
|
|
|a Заглавие с титульного экрана
|
| 320 |
|
|
|a [Библиогр.: с. 387 (3 назв.)]
|
| 463 |
|
0 |
|0 (RuTPU)RU\TPU\conf\25518
|t Молодежь и современные информационные технологии
|o сборник трудов XV Международной научно-практической конференции студентов, аспирантов и молодых учёных, 04-07 декабря 2017 г., г. Томск
|f Национальный исследовательский Томский политехнический университет, Инженерная школа информационных технологий и робототехники ; под ред. С. С. Михалевич [и др.]
|v [С. 386-387]
|d 2018
|
| 610 |
1 |
|
|a электронный ресурс
|
| 610 |
1 |
|
|a труды учёных ТПУ
|
| 610 |
1 |
|
|a дизайн-проектирование
|
| 610 |
1 |
|
|a восстановительная медицина
|
| 610 |
1 |
|
|a тренажеры
|
| 610 |
1 |
|
|a дошкольный возраст
|
| 610 |
1 |
|
|a ограниченные возможности
|
| 610 |
1 |
|
|a опорно-двигательный аппарат
|
| 610 |
1 |
|
|a детская инвалидность
|
| 610 |
1 |
|
|a ДЦП
|
| 610 |
1 |
|
|a детский церебральный паралич
|
| 700 |
|
1 |
|a Лаутеншлегер
|b Н. Н.
|
| 701 |
|
1 |
|a Мамонтов
|b Г. Я.
|c математик
|c профессор Томского политехнического университета, доктор физико-математических наук
|f 1945-
|g Геннадий Яковлевич
|3 (RuTPU)RU\TPU\pers\35352
|
| 701 |
|
1 |
|a Хмелевский
|b Ю. П.
|c специалист в области инженерной графики и начертательной геометрии
|c ассистент кафедры Томского политехнического университета
|f 1969-
|g Юрий Петрович
|3 (RuTPU)RU\TPU\pers\33490
|9 17158
|
| 712 |
0 |
2 |
|a Национальный исследовательский Томский политехнический университет
|b Инженерная школа информационных технологий и робототехники
|b Отделение автоматизации и робототехники (ОАР)
|3 (RuTPU)RU\TPU\col\23553
|
| 801 |
|
2 |
|a RU
|b 63413507
|c 20201229
|g RCR
|
| 856 |
4 |
|
|u http://earchive.tpu.ru/handle/11683/46507
|
| 942 |
|
|
|c BK
|